| 000 | 00746cam a2200241 4500 | ||
|---|---|---|---|
| 001 | 28069 | ||
| 003 | BD-RjUL | ||
| 005 | 20211209051232.0 | ||
| 008 | 140329t19691968nyuabc b 001 0 eng d | ||
| 035 | _a(BD-RjUL)28150 | ||
| 040 |
_aDLC _cDLC _dDLC _dBD-RjUL _beng |
||
| 041 | _aeng | ||
| 082 | 0 | 0 |
_a386.43 _bKIB 1968 |
| 100 | 1 |
_aKinross, Patrick Balfour, _d1904- _986049 |
|
| 245 | 1 | 0 |
_aBetween two seas : _bthe creation of the Suez Canal / _cby Lord Kinross. |
| 260 |
_aLondon : _bJohn Murray, _cc1968. |
||
| 300 |
_axiv, 306 p. : _bill. ; _c22 cm. |
||
| 504 | _aincludes Bibliographical reference and index. | ||
| 650 | 0 |
_aSuez Canal (Egypt) _xHistory. _986050 |
|
| 942 |
_2ddc _cBK |
||
| 999 |
_c28069 _d28069 |
||